History of British agriculture 1846-1914 (Record no. 87614)
[ view plain ]
| 000 -LEADER | |
|---|---|
| fixed length control field | 01143cam a2200361 4500 |
| 001 - CONTROL NUMBER | |
| control field | D14889 |
| 008 - FIXED-LENGTH DATA ELEMENTS--GENERAL INFORMATION | |
| fixed length control field | 090401t1964 xxu||||| |||| 00| 0 eng d |
| 035 ## - SYSTEM CONTROL NUMBER | |
| System control number | (Sirsi) u18699 |
| 041 ## - LANGUAGE CODE | |
| Language code of text/sound track or separate title | eng |
| 050 ## - LIBRARY OF CONGRESS CALL NUMBER | |
| Classification number | 630.09 |
| -- | 18 |
| 100 ## - MAIN ENTRY--PERSONAL NAME | |
| Personal name | Orwin, Christabel S. |
| 245 ## - TITLE STATEMENT | |
| Title | History of British agriculture 1846-1914 |
| 260 ## - PUBLICATION, DISTRIBUTION, ETC. | |
| Place of publication, distribution, etc. | London |
| Name of publisher, distributor, etc. | Longmans |
| Date of publication, distribution, etc. | 1964 |
| 300 ## - PHYSICAL DESCRIPTION | |
| Extent | xx. 411p. |
| Dimensions | 22cm |
| 350 ## - PRICE (NR) (BK AM CF MU VM SE) [OBSOLETE] | |
| Price | 3.15 |
| 505 ## - FORMATTED CONTENTS NOTE | |
| Formatted contents note | British agriculture 1846-1851 |
| 505 ## - FORMATTED CONTENTS NOTE | |
| Formatted contents note | The preponderance of the landed interest |
| 505 ## - FORMATTED CONTENTS NOTE | |
| Formatted contents note | The condition of farm workers in 1850 |
| 505 ## - FORMATTED CONTENTS NOTE | |
| Formatted contents note | Marekts and crops 1851-1875 |
| 505 ## - FORMATTED CONTENTS NOTE | |
| Formatted contents note | Livestock farming 1851-1875 |
| 505 ## - FORMATTED CONTENTS NOTE | |
| Formatted contents note | Landlord and tenant |
| 505 ## - FORMATTED CONTENTS NOTE | |
| Formatted contents note | The state and the land |
| 505 ## - FORMATTED CONTENTS NOTE | |
| Formatted contents note | The farm workers 1851-1875 |
| 505 ## - FORMATTED CONTENTS NOTE | |
| Formatted contents note | The great depression 1875-1885 |
| 505 ## - FORMATTED CONTENTS NOTE | |
| Formatted contents note | The great depression 1885-1895 |
| 505 ## - FORMATTED CONTENTS NOTE | |
| Formatted contents note | The decline of the landed interest |
| 505 ## - FORMATTED CONTENTS NOTE | |
| Formatted contents note | The changing villages 1875-1914 |
| 505 ## - FORMATTED CONTENTS NOTE | |
| Formatted contents note | Farming in the new centuary 1895-1914 |
| 690 ## - LOCAL SUBJECT ADDED ENTRY--TOPICAL TERM (OCLC, RLIN) | |
| Topical term or geographic name as entry element | ENVIRONMENTAL AND LAND CONSULTANCY-AGRIBUSINESS |
| 700 ## - ADDED ENTRY--PERSONAL NAME | |
| Personal name | Whetham, Edith H |
| 942 ## - ADDED ENTRY ELEMENTS (KOHA) | |
| Suppress in OPAC | 0 |
| 948 ## - LOCAL PROCESSING INFORMATION (OCLC); SERIES PART DESIGNATOR (RLIN) | |
| c (OCLC) | 04/03/1997 |
| Withdrawn status | Lost status | Source of classification or shelving scheme | Damaged status | Not for loan | Home library | Current library | Shelving location | Date acquired | Cost, normal purchase price | Total Checkouts | Full call number | Barcode | Date last seen | Copy number | Cost, replacement price | Price effective from | Koha item type |
|---|---|---|---|---|---|---|---|---|---|---|---|---|---|---|---|---|---|
| Dewey Decimal Classification | London | London | Books | 14/09/1999 | 3.15 | 630.09 ORW | 30018978 | 06/08/2019 | 1 | 3.15 | 06/08/2019 | Book |